[Event "ESTCC U65 2018"]
[Site "Walbrzych"]
[Date "2018.04.14"]
[Round "1"]
[White "Buchal, Stephan"]
[Black "Just, Joachim"]
[Result "1-0"]
[WhiteElo "2310"]
[BlackElo "1928"]
[Annotator "NA"]
[PlyCount "73"]
[EventDate "2018.??.??"]
[EventCountry "POL"]
[SourceTitle "playchess.com"]
[Source "ChessBase"]
[SourceQuality "1"]
[WhiteTeam "Germany"]
[BlackTeam "Germany"]
[WhiteTeamCountry "GER"]
[BlackTeamCountry "GER"]
[TimeControl "40/5400+30:1800+30"]

1. e4 {[%emt 0:00:00]} g6 {[%emt 0:00:18]} 2. d4 {[%emt 0:00:02]} Bg7 {[%emt 0:00:09]} 3. Nf3 {[%emt 0:00:25]} c6 {[%emt 0:00:16]} 4. Bd3 {[%emt 0:00:31]} d5 {[%emt 0:00:18]} 5. e5 {[%emt 0:00:19]} Bg4 {[%emt 0:00:26]} 6. Nbd2 {[%emt 0:00:29]} Nd7 {[%emt 0:00:57] B06: Modern Defence} 7. h3 {[%emt 0:00:52]} Bxf3 {[%emt 0:00:10]} 8. Nxf3 {[%emt 0:00:05]} e6 {[%emt 0:00:27]} 9. O-O {[%emt 0:05:09]} Qb6 $146 {[%emt 0:02:48]} ({Predecessor:} 9... Ne7 10. c3 c5 11. Rb1 Nc6 12. b4 c4 13. Bc2 b5 14. a4 a6 15. Ra1 Na7 16. Bg5 {1-0 (46) Hansen,S (2549)-Argandona Riveiro,I (2388) Helsingor 2013}) 10. a4 {[%emt 0:03:05]} Ne7 {[%emt 0:02:16]} 11. a5 {[%emt 0:15:12]} Qc7 {[%emt 0:00:10]} 12. b3 {[%emt 0:02:02]} a6 {[%emt 0:03:35]} 13. b4 {[%emt 0:07:54]} Nf5 {[%emt 0:05:18]} 14. Bf4 {[%emt 0:06:08]} Bf8 {[%emt 0:03:16]} 15. c3 {[%emt 0:02:31]} h6 {[%emt 0:02:30]} 16. Qd2 {[%emt 0:02:01]} Qd8 {[%emt 0:02:37]} 17. g4 {[%emt 0:04:38]} Nh4 {[%emt 0:02:02]} 18. Nxh4 {[%emt 0:00:23]} Qxh4 {[%emt 0:00:10]} 19. Kg2 {[%emt 0:00:26]} Qe7 {[%emt 0:01:01]} 20. Bg3 {[%emt 0:03:23]} h5 {[%emt 0:02:04]} 21. f4 {[%emt 0:00:56]} Bh6 {[%emt 0:03:54]} 22. Qe2 {[%emt 0:01:16]} h4 {[%emt 0:03:11]} 23. Bh2 {[%emt 0:08:08]} Nf8 {[%emt 0:04:00]} 24. Kh1 {[%emt 0:02:42]} Rg8 {[%emt 0:05:28]} 25. Rf3 {[%emt 0:01:24]} Kd7 {[%emt 0:02:38]} 26. Raf1 {[%emt 0:02:13]} Kc7 {[%emt 0:04:42]} 27. f5 {[%emt 0:03:02]} gxf5 {[%emt 0:01:54]} 28. gxf5 {[%emt 0:00:04]} Nd7 {[%emt 0:00:49]} 29. fxe6 {[%emt 0:06:45]} fxe6 {[%emt 0:00:28]} 30. Rf7 {[%emt 0:00:44]} Qg5 {[%emt 0:01:39]} 31. Bf4 {[%emt 0:00:37]} Raf8 {[%emt 0:01:07]} 32. Bxg5 {[%emt 0:00:27]} Rxf7 {[%emt 0:00:14]} 33. Rxf7 $18 {[%emt 0:00:07]} Rxg5 {[%emt 0:00:27]} 34. Rh7 {[%emt 0:01:23]} Bf8 {[%emt 0:00:29]} 35. Qf2 {[%emt 0:00:27]} Rg3 {[%emt 0:04:31]} 36. Qxf8 {[%emt 0:00:28]} Rxh3+ {[%emt 0:00:40]} 37. Kg2 {[%emt 0:00:06]} 1-0

[Event "ESTCC U65 2018"]
[Site "Walbrzych"]
[Date "2018.04.14"]
[Round "1"]
[White "Pushkov, Nikolai"]
[Black "Mortensen, Steen Juul"]
[Result "1-0"]
[WhiteElo "2304"]
[BlackElo "1940"]
[Annotator "ChessBase"]
[PlyCount "55"]
[EventDate "2018.??.??"]
[EventCountry "POL"]
[SourceTitle "playchess.com"]
[Source "ChessBase"]
[SourceQuality "1"]
[WhiteTeam "Russia"]
[BlackTeam "Denmark"]
[WhiteTeamCountry "RUS"]
[BlackTeamCountry "DEN"]
[TimeControl "40/5400+30:1800+30"]

1. d4 {[%emt 0:00:00]} Nf6 {[%emt 0:00:12]} 2. c4 {[%emt 0:00:03]} g6 {[%emt 0:00:09]} 3. Nc3 {[%emt 0:00:10]} Bg7 {[%emt 0:00:14]} 4. e4 {[%emt 0:00:24]} d6 {[%emt 0:00:13]} 5. Nf3 {[%emt 0:00:26]} O-O {[%emt 0:00:30]} 6. Be2 {[%emt 0:00:11]} e5 {[%emt 0:00:32]} 7. O-O {[%emt 0:01:09]} exd4 {[%emt 0:01:10]} 8. Nxd4 {[%emt 0:00:03]} Re8 {[%emt 0:00:36]} 9. f3 {[%emt 0:00:04]} Nc6 {[%emt 0:01:23]} 10. Bg5 {[%emt 0:02:42]} h6 {[%emt 0:05:08]} 11. Be3 {[%emt 0:04:50]} Bd7 {[%emt 0:01:56]} 12. Qd2 {[%emt 0:00:53]} Nxd4 {[%emt 0:04:19]} 13. Bxd4 {[%emt 0:00:04]} Bc6 {[%emt 0:00:51]} 14. Rad1 {[%emt 0:07:33]} b6 {[%emt 0:12:18]} 15. Nd5 {[%emt 0:05:17]} Kh7 {[%emt 0:05:14]} 16. Rfe1 {[%emt 0:04:09]} Bb7 {[%emt 0:07:59]} 17. Qc3 {[%emt 0:02:42]} Re6 {[%emt 0:01:11]} 18. Bf1 {[%emt 0:01:53]} c5 {[%emt 0:12:39]} 19. Bxf6 {[%emt 0:00:41]} Bxf6 {[%emt 0:00:12]} 20. Nxf6+ {[%emt 0:00:05]} Qxf6 {[%emt 0:00:15]} 21. Qxf6 {[%emt 0:00:51]} Rxf6 {[%emt 0:00:01]} 22. Rd2 {[%emt 0:00:33]} Re6 {[%emt 0:05:59]} 23. Red1 {[%emt 0:00:17]} Rd8 {[%emt 0:00:43]} 24. g3 {[%emt 0:02:13]} f5 {[%emt 0:03:45]} 25. Bh3 {[%emt 0:01:31]} Rf6 {[%emt 0:01:43]} 26. e5 {[%emt 0:01:12]} Re6 {[%emt 0:00:17]} 27. f4 {[%emt 0:00:31]} Kg7 {[%emt 0:05:26]} 28. Bg2 {[%emt 0:00:59]} 1-0

[Event "ESTCC U65 2018"]
[Site "Walbrzych"]
[Date "2018.04.14"]
[Round "1"]
[White "Kierzek, Matthias"]
[Black "Baumbach, Friedrich"]
[Result "1-0"]
[WhiteElo "2272"]
[BlackElo "2172"]
[Annotator "NA"]
[PlyCount "45"]
[EventDate "2018.??.??"]
[EventCountry "POL"]
[SourceTitle "playchess.com"]
[Source "ChessBase"]
[SourceQuality "1"]
[WhiteTeam "Germany"]
[BlackTeam "Germany"]
[WhiteTeamCountry "GER"]
[BlackTeamCountry "GER"]
[TimeControl "40/5400+30:1800+30"]

1. d4 {[%emt 0:00:00]} d5 {[%emt 0:00:14]} 2. c4 {[%emt 0:00:00]} e6 {[%emt 0:00:08]} 3. Nc3 {[%emt 0:00:00]} Nf6 {[%emt 0:00:08]} 4. Nf3 {[%emt 0:00:08]} Be7 {[%emt 0:00:10]} 5. Bf4 {[%emt 0:00:12]} O-O {[%emt 0:00:33]} 6. e3 {[%emt 0:00:06]} Nbd7 {[%emt 0:00:56]} 7. c5 {[%emt 0:00:11]} c6 {[%emt 0:00:53]} 8. h3 {[%emt 0:05:23]} b6 {[%emt 0:07:47] D37: Queen's Gambit Declined: 5 Bf4} 9. b4 {[%emt 0:00:33]} a5 {[%emt 0:00:10]} 10. a3 {[%emt 0:04:38]} Bb7 {[%emt 0:10:30]} (10... h6 11. Bd3 Ba6 12. O-O Qc8 13. Qc2 Bxd3 14. Qxd3 Qb7 {½-½ (44) Nakamura,H (2780)-Topalov,V (2749) Saint Louis 2017}) 11. Bd3 {[%emt 0:01:27]} Qc8 {[%emt 0:00:33]} 12. O-O {[%emt 0:23:53]} Ba6 {[%emt 0:03:28]} 13. Na4 {[%emt 0:12:07]} Bb5 $146 {[%emt 0:08:47]} ({Find the theoretical novelty and annotate with similar games:} 13... Bxd3 14. Qxd3 b5 15. Nc3 Qb7 16. Nd2 axb4 17. axb4 Rxa1 18. Rxa1 {½-½ (71) Tregubov,P (2598)-Haznedaroglu,K (2440) Aix les Bains 2011}) 14. Bxb5 {[%emt 0:05:03]} cxb5 {[%emt 0:04:32]} 15. Nc3 {[%emt 0:06:49]} bxc5 {[%emt 0:13:41]} 16. dxc5 {[%emt 0:01:32]} Nxc5 {[%emt 0:08:01]} 17. bxc5 {[%emt 0:01:07]} Qxc5 {[%emt 0:00:20]} 18. Qd3 {[%emt 0:06:55]} Nh5 {[%emt 0:06:10]} 19. Nxb5 {[%emt 0:02:17]} Nxf4 {[%emt 0:00:35]} 20. exf4 {[%emt 0:00:05]} a4 {[%emt 0:01:52]} 21. Ne5 {[%emt 0:03:48]} Rfb8 {[%emt 0:03:57]} 22. Rfc1 {[%emt 0:03:43]} Qxb5 {[%emt 0:06:37] [#]} 23. Rc8+ $18 {[%emt 0:00:05]} 1-0

[Event "ESTCC U65 2018"]
[Site "Walbrzych"]
[Date "2018.04.14"]
[Round "1"]
[White "Hurme, Harri"]
[Black "Rantanen, Veikko"]
[Result "0-1"]
[WhiteElo "2229"]
[BlackElo "2007"]
[Annotator "NA"]
[PlyCount "94"]
[EventDate "2018.??.??"]
[EventCountry "POL"]
[SourceTitle "playchess.com"]
[Source "ChessBase"]
[SourceQuality "1"]
[WhiteTeam "Finland"]
[BlackTeam "Finland"]
[WhiteTeamCountry "FIN"]
[BlackTeamCountry "FIN"]
[TimeControl "40/5400+30:1800+30"]

1. d4 {[%emt 0:00:00]} Nf6 {[%emt 0:00:26]} 2. c4 {[%emt 0:00:00]} g6 {[%emt 0:00:08]} 3. Nc3 {[%emt 0:00:12]} d5 {[%emt 0:00:07]} 4. Nf3 {[%emt 0:00:11]} Bg7 {[%emt 0:00:58]} 5. Bg5 {[%emt 0:00:11]} c6 {[%emt 0:01:14]} 6. e3 {[%emt 0:01:10]} O-O {[%emt 0:05:55]} 7. h3 {[%emt 0:05:55] D91: Grünfeld: 4 Nf3 Bg7 5 Bg5} (7. Qb3 dxc4 8. Bxc4 Nbd7 9. O-O Nb6 10. Be2 Be6 11. Qc2 h6 12. Bh4 Bf5 13. e4 Bg4 14. Rad1 Nh5 15. h3 Be6 16. Rfe1 {1-0 (46) Mamedyarov,S (2753)-Safarli,E (2660) Khanty-Mansiysk 2013}) 7... Nbd7 {[%emt 0:09:29]} 8. cxd5 {[%emt 0:02:16]} cxd5 {[%emt 0:02:10]} 9. Be2 {[%emt 0:00:43]} b6 {[%emt 0:13:53]} 10. O-O {[%emt 0:00:52]} Bb7 {[%emt 0:00:36]} 11. Qa4 $146 {[%emt 0:03:02]} ({Predecessor:} 11. Rc1 Ne4 12. Bf4 Nxc3 13. Rxc3 Rc8 14. Qa4 Rxc3 15. bxc3 {1-0 (30) Skembris,S (2505)-Stathakis,I (2100) Ano Liosia 1996}) 11... Ne4 {[%emt 0:05:31]} 12. Bf4 {[%emt 0:03:49]} Nxc3 {[%emt 0:01:28]} 13. bxc3 {[%emt 0:00:03]} a6 {[%emt 0:04:10]} 14. c4 {[%emt 0:02:39]} dxc4 {[%emt 0:01:25]} 15. Qxc4 {[%emt 0:00:13]} Rc8 {[%emt 0:00:48]} 16. Qb3 {[%emt 0:03:38]} Bxf3 {[%emt 0:07:15]} 17. gxf3 {[%emt 0:04:26]} e5 {[%emt 0:01:09]} 18. Bg3 {[%emt 0:10:59]} exd4 {[%emt 0:01:45]} 19. Rad1 {[%emt 0:02:03]} Nc5 {[%emt 0:02:40]} 20. Qa3 {[%emt 0:00:47]} Qe7 {[%emt 0:02:55]} 21. exd4 {[%emt 0:07:34]} Qxe2 {[%emt 0:01:26]} 22. dxc5 {[%emt 0:00:19]} bxc5 {[%emt 0:00:14]} 23. Rd6 {[%emt 0:06:37]} c4 {[%emt 0:02:58]} 24. Qxa6 {[%emt 0:13:38]} Ra8 {[%emt 0:02:19]} 25. Qb7 {[%emt 0:01:57]} Qxa2 {[%emt 0:00:15]} 26. Rc6 {[%emt 0:02:37]} c3 {[%emt 0:00:15]} 27. Kg2 {[%emt 0:04:09]} Qb2 {[%emt 0:03:59]} 28. Qc7 {[%emt 0:01:32]} Qc2 {[%emt 0:04:31]} 29. Re1 {[%emt 0:08:31]} Qf5 {[%emt 0:01:24]} 30. Rc5 {[%emt 0:01:48]} Rac8 {[%emt 0:01:32]} 31. Rxf5 $17 {[%emt 0:04:58]} Rxc7 {[%emt 0:00:07]} 32. Bxc7 {[%emt 0:00:30]} gxf5 {[%emt 0:00:07]} 33. Bf4 {[%emt 0:00:53]} Rc8 {[%emt 0:01:55]} 34. Kf1 {[%emt 0:02:06]} Bf6 {[%emt 0:01:39]} 35. Ke2 {[%emt 0:01:25]} Re8+ {[%emt 0:00:19]} 36. Kf1 {[%emt 0:00:14]} Rxe1+ {[%emt 0:00:06]} 37. Kxe1 {[%emt 0:00:07]} Kg7 {[%emt 0:00:06]} 38. Kd1 {[%emt 0:00:48]} Kg6 {[%emt 0:00:13]} 39. Kc2 {[%emt 0:00:44]} Kh5 {[%emt 0:00:17]} 40. Bg3 {[%emt 0:00:00]} Kg5 {[%emt 0:00:38]} 41. f4+ {[%emt 0:01:29]} Kh5 {[%emt 0:00:26]} 42. f3 {[%emt 0:00:29]} Bh4 {[%emt 0:00:25]} 43. Bh2 {[%emt 0:01:15]} Bf2 {[%emt 0:00:19]} 44. Kxc3 {[%emt 0:03:32]} Kh4 {[%emt 0:00:08]} 45. Kc4 {[%emt 0:00:48]} Kxh3 {[%emt 0:00:20]} 46. Kd5 {[%emt 0:00:10]} h5 {[%emt 0:00:10]} 47. Ke5 {[%emt 0:00:20]} Kxh2 {[%emt 0:00:08]} 0-1

[Event "ESTCC U65 2018"]
[Site "Walbrzych"]
[Date "2018.04.14"]
[Round "1"]
[White "Kolbak, Jens"]
[Black "Balashov, Yuri S"]
[Result "0-1"]
[WhiteElo "2213"]
[BlackElo "2421"]
[Annotator "TA"]
[PlyCount "94"]
[EventDate "2018.??.??"]
[EventCountry "POL"]
[SourceTitle "playchess.com"]
[Source "ChessBase"]
[SourceQuality "1"]
[WhiteTeam "Denmark"]
[BlackTeam "Russia"]
[WhiteTeamCountry "DEN"]
[BlackTeamCountry "RUS"]

{[%evp 11,94,43,39,4,19,0,8,9,43,43,21,-17,-8,-24,0,-14,0,-23,-15,-197,-37,-64,-78,-69,-19,-21,-31,-16,-28,-137,-125,-145,-125,-139,-135,-152,-135,-144,-146,-145,-131,-150,-164,-144,-139,-203,-195,-190,-160,-202,-187,-480,-485,-660,-662,-637,-625,-577,-393,-483,-483,-469,-458,-641,-460,-597,-616,-609,-581,-521,-429,-2506,-1247,-1093,-874,-976,-930,-1498,-1460,-29975,-5056,-4927,-4910,-2379,-1994]} 1. e4 c5 2. Nf3 e6 3. d4 cxd4 4. Nxd4 a6 5. Bd3 Ne7 6. Nc3 {[%cal Bb1c3,Bc3e2,Be2d4][%mdl 32]} Nbc6 {LiveBook: 18 Games. B42: Sicilian: Kan Variation: 5 Bd3} 7. Nf3 Ng6 8. O-O Be7 {The position is equal.} 9. Be3 $146 ({Predecessor:} 9. a4 O-O 10. Re1 d6 11. Be3 Bd7 12. Qe2 Rc8 13. Rad1 Qc7 14. Bc1 Bf6 {0-1 (29) Kling,A (2245)-Taimanov,M (2500) Stockholm 1993}) 9... b5 10. a4 b4 11. Ne2 O-O 12. Ned4 Qc7 13. Re1 Bb7 14. Nb3 Nce5 15. Bd4 $2 (15. Nxe5 $11 {and White is okay.} Nxe5 16. f4 Nxd3 17. cxd3) 15... Bd6 $2 (15... Nxf3+ $1 $19 16. gxf3 Bd6) 16. h3 Nxf3+ 17. Qxf3 e5 18. Be3 f5 $36 {[%mdl 2048] Black is more active.} 19. Qd1 $1 fxe4 {[#]} 20. Bf1 (20. Bc4+ $1 $11 {[%mdl 512]} Kh8 (20... Qxc4 21. Qxd6) 21. Na5) 20... Be7 $17 21. c4 bxc3 {Threatens to win with ...c2.} 22. Rc1 d5 23. Rxc3 Qd8 24. Nc5 Bxc5 25. Bxc5 Rf7 26. Qb3 Qf6 27. Rc2 Nf4 28. Qg3 (28. Rec1 $17) 28... h6 29. b4 Kh7 30. f3 exf3 31. gxf3 $2 (31. Qxf3 {was the only defense.} a5 32. bxa5) 31... Qf5 $19 32. Rf2 Rf6 {White must now prevent ...Rg6.} 33. Kh2 Rg6 34. Qh4 Re8 35. Be3 Nd3 36. Bxd3 Qxd3 37. Bf4 Qf5 38. Bg3 d4 39. Ref1 Bc6 40. a5 Qd3 {aiming for ...e4.} 41. f4 (41. Qh5 $142) 41... e4 (41... exf4 $142 42. Qxf4 Rf8 $1 {[%mdl 512]}) 42. f5 Rf6 {And now ...e3 would win.} 43. Qg4 e3 44. Bh4 Re4 45. Rf4 Qxf1 (45... Rxf4 $142 46. Rxf4 Qd2+ 47. Kg1 e2 48. Re4 d3 49. Re7 Qd1+ 50. Kf2 Qf1+ 51. Ke3 e1=Q+ 52. Bxe1 Qxe1+ 53. Kd4 Rd6+ 54. Kc5 Qxe7 55. Qf4 Rd5+ 56. Kc4 d2 57. Qf3 {[#]} Rd4+ $1 {[%mdl 512]} 58. Kxd4 Bxf3 59. Kc3 d1=Q 60. Kb2 Qd2+ 61. Kb3 Qexb4#) 46. Rxf1 Rxg4 47. hxg4 d3 {Precision: White = 21%, Black = 55%.} 0-1

[Event "ESTCC U65 2018"]
[Site "Walbrzych"]
[Date "2018.04.14"]
[Round "1"]
[White "Hedin, Gunnar"]
[Black "Gustavsson, Bo"]
[Result "1/2-1/2"]
[WhiteElo "2174"]
[BlackElo "1915"]
[Annotator "NA"]
[PlyCount "97"]
[EventDate "2018.??.??"]
[EventCountry "POL"]
[SourceTitle "playchess.com"]
[Source "ChessBase"]
[SourceQuality "1"]
[WhiteTeam "Sweden"]
[BlackTeam "Sweden"]
[WhiteTeamCountry "SWE"]
[BlackTeamCountry "SWE"]
[TimeControl "40/5400+30:1800+30"]

1. c4 {[%emt 0:00:00]} c5 {[%emt 0:00:32]} 2. Nc3 {[%emt 0:00:27]} Nc6 {[%emt 0:00:03]} 3. g3 {[%emt 0:00:56]} Nf6 {[%emt 0:00:32]} 4. Bg2 {[%emt 0:00:10]} e6 {[%emt 0:00:46]} 5. Nf3 {[%emt 0:03:41]} d5 {[%emt 0:01:27]} 6. cxd5 {[%emt 0:02:25]} Nxd5 {[%emt 0:01:01]} 7. O-O {[%emt 0:01:38]} Be7 {[%emt 0:05:46]} 8. Nxd5 {[%emt 0:08:35]} Qxd5 {[%emt 0:01:23]} 9. d3 {[%emt 0:01:51]} Qd7 {[%emt 0:01:44] A34: Symmetrical English: 2 Nc3, lines with ...d5} (9... O-O 10. Be3 Qd8 11. Rc1 Qa5 12. Qb3 Nb4 13. Nd2 Nd5 14. Bxd5 exd5 15. Qxd5 Rd8 16. Qe4 Bf8 17. a3 Qb5 18. b3 Be6 {½-½ (119) Kokarev,D (2615)-Abdyjapar,A (2382) Riadh 2017}) 10. Be3 {[%emt 0:03:40]} O-O {[%emt 0:14:52]} 11. Rc1 {[%emt 0:07:16]} Nd4 {[%emt 0:08:56]} 12. Nxd4 $146 {[%emt 0:03:14]} ({Predecessor:} 12. Bxd4 cxd4 13. Rc4 Bf6 14. Qc2 Rb8 15. Rc1 a6 16. Rc7 Qd8 17. Qc5 {½-½ (34) Fominyh,E (2263)-Kornienko,S (2184) Novosibirsk 2001}) 12... cxd4 {[%emt 0:00:05]} 13. Bf4 {[%emt 0:00:09]} Bd6 {[%emt 0:01:02]} 14. Bxd6 {[%emt 0:03:10]} Qxd6 {[%emt 0:00:08]} 15. Qc2 {[%emt 0:00:13]} Qb6 {[%emt 0:12:49]} 16. Qc7 {[%emt 0:08:35]} Qxb2 {[%emt 0:01:21]} 17. Rc2 {[%emt 0:00:13]} Qb6 {[%emt 0:02:52]} 18. Qe7 {[%emt 0:01:37]} Qd8 {[%emt 0:03:00]} 19. Rc7 {[%emt 0:00:27]} Qxe7 {[%emt 0:02:43]} 20. Rxe7 {[%emt 0:00:03]} Rb8 {[%emt 0:00:29]} 21. Rc1 {[%emt 0:00:48]} g6 {[%emt 0:00:11]} 22. Rcc7 {[%emt 0:00:38]} Kg7 {[%emt 0:01:21]} 23. f4 {[%emt 0:07:24]} a5 {[%emt 0:02:41]} 24. Kf2 {[%emt 0:02:45]} b5 {[%emt 0:02:31]} 25. Bc6 {[%emt 0:02:06]} Ba6 {[%emt 0:11:18]} 26. Ra7 {[%emt 0:04:31]} Rb6 {[%emt 0:01:03]} 27. Be8 {[%emt 0:11:54]} Rb7 {[%emt 0:02:04]} 28. Rexb7 {[%emt 0:01:03]} Bxb7 {[%emt 0:00:02]} 29. Bxb5 {[%emt 0:00:33]} Bd5 {[%emt 0:01:27]} 30. Rxa5 {[%emt 0:00:17]} Rc8 {[%emt 0:00:12]} 31. Ra7 {[%emt 0:08:01]} h5 {[%emt 0:04:46]} 32. a4 {[%emt 0:01:15]} Kf6 {[%emt 0:00:15]} 33. e4 {[%emt 0:02:17]} dxe3+ {[%emt 0:00:36]} (33... Bb3 $16 {was called for.}) 34. Kxe3 {[%emt 0:00:03]} Rc2 $18 {[%emt 0:00:17]} (34... e5 $16 35. Ra6+ Be6) 35. Be8 {[%emt 0:01:35]} e5 {[%emt 0:00:10]} 36. fxe5+ {[%emt 0:02:01]} Kxe5 {[%emt 0:00:11]} 37. Bxf7 {[%emt 0:00:48]} Bxf7 {[%emt 0:00:40]} 38. Rxf7 {[%emt 0:00:08]} Rxh2 {[%emt 0:00:05]} 39. Rb7 {[%emt 0:05:15]} Rh3 {[%emt 0:03:33]} 40. Rb5+ {[%emt 0:00:00]} Kf6 {[%emt 0:00:06]} 41. Kf2 {[%emt 0:02:59]} h4 {[%emt 0:00:24]} 42. gxh4 {[%emt 0:01:28]} Rxd3 {[%emt 0:00:08]} 43. a5 {[%emt 0:03:22]} Rh3 {[%emt 0:05:29]} 44. Rb4 {[%emt 0:01:56]} Ra3 {[%emt 0:00:09]} 45. Rb6+ {[%emt 0:00:31]} Kf5 {[%emt 0:06:23]} 46. a6 {[%emt 0:00:55]} Ra4 {[%emt 0:00:22]} 47. Kg3 {[%emt 0:03:15]} Ra3+ {[%emt 0:00:14]} 48. Kf2 {[%emt 0:00:23]} Ra4 {[%emt 0:00:07]} 49. Kg3 1/2-1/2

[Event "ESTCC U65 2018"]
[Site "Walbrzych"]
[Date "2018.04.14"]
[Round "1"]
[White "Sorensen, Bent"]
[Black "Grahn, Lars"]
[Result "1/2-1/2"]
[WhiteElo "2158"]
[BlackElo "1949"]
[Annotator "NA"]
[PlyCount "71"]
[EventDate "2018.??.??"]
[EventCountry "POL"]
[SourceTitle "playchess.com"]
[Source "ChessBase"]
[SourceQuality "1"]
[WhiteTeam "Denmark"]
[BlackTeam "Sweden"]
[WhiteTeamCountry "DEN"]
[BlackTeamCountry "SWE"]
[TimeControl "40/5400+30:1800+30"]

1. Nf3 {[%emt 0:00:00]} f5 {[%emt 0:00:07]} 2. b3 {[%emt 0:00:10]} Nf6 {[%emt 0:03:58]} 3. Bb2 {[%emt 0:00:10]} d6 {[%emt 0:01:55]} 4. d4 {[%emt 0:00:36]} g6 {[%emt 0:00:43]} 5. e3 {[%emt 0:01:12]} Bg7 {[%emt 0:00:37]} 6. Bc4 {[%emt 0:01:00] A80: Dutch Defence: Unusual White second moves} (6. Be2 O-O 7. O-O e6 8. c4 Qe7 9. Nc3 b6 10. Qc2 Bb7 11. Rfd1 Nbd7 12. b4 Ne4 13. d5 Nxc3 14. Bxc3 Bxc3 15. Qxc3 {1-0 (42) Shankland,S (2671)-Shabalov,A (2561) Greensboro 2017}) 6... e6 {[%emt 0:01:55]} 7. O-O {[%emt 0:00:13]} O-O {[%emt 0:00:28]} 8. Nbd2 {[%emt 0:01:06]} d5 {[%emt 0:04:42]} 9. Bd3 {[%emt 0:01:47]} Nbd7 {[%emt 0:03:39]} 10. c4 {[%emt 0:04:07]} c6 {[%emt 0:01:59]} 11. Qe2 $146 {[%emt 0:02:17]} ({Predecessor:} 11. Ng5 Re8 12. f4 h6 13. Nh3 {1-0 (30) Blom,E-Skarding,J Stavanger 2005}) 11... Ne4 {[%emt 0:02:42]} 12. Rfd1 {[%emt 0:02:47]} g5 {[%emt 0:07:32]} 13. Rac1 {[%emt 0:06:25]} g4 {[%emt 0:05:36]} 14. Ne5 {[%emt 0:12:13]} Nxe5 {[%emt 0:06:29]} 15. dxe5 Nxd2 {[%emt 0:13:41]} 16. Qxd2 {[%emt 0:00:58]} Qc7 {[%emt 0:03:41]} 17. Qc3 {[%emt 0:02:53]} Qf7 {[%emt 0:00:54]} 18. g3 {[%emt 0:04:13]} Bd7 {[%emt 0:04:35]} 19. Bf1 $14 {[%emt 0:03:51]} Rfd8 {[%emt 0:05:47]} 20. b4 {[%emt 0:05:00]} Rac8 {[%emt 0:01:35]} 21. Bg2 {[%emt 0:02:51]} h5 {[%emt 0:08:51]} 22. Qa3 {[%emt 0:07:44]} a6 {[%emt 0:01:30]} 23. Qa5 {[%emt 0:03:54]} Be8 {[%emt 0:02:16]} 24. Bd4 {[%emt 0:10:42]} Bd7 {[%emt 0:06:06]} 25. Bb6 {[%emt 0:04:10]} Re8 {[%emt 0:00:44]} 26. Bc7 {[%emt 0:00:44]} Ra8 {[%emt 0:02:42]} 27. Qb6 {[%emt 0:01:28]} Bc8 {[%emt 0:00:12]} 28. Bd6 {[%emt 0:01:51]} Bf8 {[%emt 0:01:14]} 29. b5 {[%emt 0:05:09]} axb5 {[%emt 0:01:59]} 30. cxb5 {[%emt 0:00:08]} Bxd6 {[%emt 0:01:12]} 31. exd6 {[%emt 0:00:10]} Bd7 {[%emt 0:03:14]} 32. Rd2 {[%emt 0:02:43]} Rab8 {[%emt 0:01:02]} 33. Qd4 {[%emt 0:02:24]} Qg7 {[%emt 0:00:30]} 34. Qf4 {[%emt 0:01:09]} Rec8 {[%emt 0:00:30]} 35. Bf1 {[%emt 0:01:19]} c5 {[%emt 0:00:42]} 36. f3 1/2-1/2